Simone de Beauvoir a jej Druhé pohlavie vo feministickom diskurze

Stručná informácia a filozofické zamyslenie sa nad dielom filozofky a spisovateľky Simone de Beauvoir Druhé pohlavie. Dielo sa považuje za základnú analýzu faktorov, ktoré bránia emancipácii žien.

Na minha lista:
Detalhes bibliográficos
Autor principal: Barátová, Jana
Formato: Capítulo de Livro
Idioma:eslovaco
Assuntos:
Tags: Adicionar Tag
Sem tags, seja o primeiro a adicionar uma tag!

MARC

LEADER 00000naa$a2200000$$$4500
001 0053836
005 20240502071625.4
041 0 |a slo 
044 |a SK 
245 1 0 |a Simone de Beauvoir a jej Druhé pohlavie vo feministickom diskurze  |c Jana Barátová 
520 |a Stručná informácia a filozofické zamyslenie sa nad dielom filozofky a spisovateľky Simone de Beauvoir Druhé pohlavie. Dielo sa považuje za základnú analýzu faktorov, ktoré bránia emancipácii žien. 
610 2 0 |a emancipácia 
610 2 0 |a rovnoprávnosť 
610 2 0 |a diskriminácia 
610 2 0 |a ženy 
610 2 0 |a filozofia 
100 1 |a Barátová, Jana